000 00279 a2200109 4500
001 69011
082 _a620.1122 SIN
090 _c38671
_d38671
100 _aSingh D.K
245 _aMechanics of solids theory and problems
260 _bPearson education asia
_aNew Delhi
_c2002
942 _aNUST-CAE
_k620.1122 SIN
999 _c304084
_d304084